Naučno-prosvetitel'naja rabota v chudožestvennom muzeje na sovremennom etape doklady i tezisy naučnoj konferencii, posvjaščennoj 70-letiju Naučno-prosvetitel'nogo otdela

Bibliographic Details
Other Authors: Vilinbachov, G.V (upr)
Format: Book
Language:Russian
PhysicalDescription:102 s. 22 cm
Published: Sankt-Peterburg Gosudarstvennyj Ermitaž 1996
Subjects:

MARC

LEADER 00000cam a2200000 a 4500
001 vtls001337825
003 SK-MaSNL
005 20260301200600.0
008 980722s1996 ru 00000 rus
020 |c [69,00] 
035 |a SNK000290839 
040 |a SNK  |b slo  |c SNK  |e AACR2 
041 0 |a rus 
044 |a ru  |c RU 
080 |a 069.02:7(470-21)(082)  |2 1981 
245 1 0 |a Naučno-prosvetitel'naja rabota v chudožestvennom muzeje na sovremennom etape  |b doklady i tezisy naučnoj konferencii, posvjaščennoj 70-letiju Naučno-prosvetitel'nogo otdela  |c [naučnyje redaktory: G.V. Vilinbachov... [et al].] 
260 |a Sankt-Peterburg  |b Gosudarstvennyj Ermitaž  |c 1996 
300 |a 102 s.  |c 22 cm 
610 0 7 |a Gosudarstvennyj Ermitaž (Petrohrad, Rusko)  |2 SNKKA  |9 120128 
655 7 |a zborníky  |2 SNK  |9 70165 
700 1 |a Vilinbachov, G.V.  |4 upr  |9 388830 
999 |c 891111  |d 893041 
952 |t P60, <04>, [BOOK], {604}  |a SNK  |b SNK  |y VYP  |7 0  |p 17A0153002  |o snkIC 127394  |i snkV 917/98  |0 0  |1 0  |4 0  |d 1998-07-22  |l 0  |r 2005-01-02 00:00:00  |w 2026-02-24